Normal view
MARC view
- Fantasy.. Humorous stories
Entry Genre/Form Term
001 - CONTROL NUMBER
- control field: 85896
003 - CONTROL NUMBER IDENTIFIER
- control field: OSt
005 - DATE AND TIME OF LATEST TRANSACTION
- control field: 20250110095229.0
008 - FIXED-LENGTH DATA ELEMENTS
- fixed length control field: 250110|| aca||aabn | a|a d
040 ## - CATALOGING SOURCE
- Original cataloging agency: OSt
- Transcribing agency: OSt
155 ## - HEADING--GENRE/FORM TERM
- Genre/form term: Fantasy.. Humorous stories
670 ## - SOURCE DATA FOUND
- Source citation: Work cat.: (OSt)48146: Brallier, Max, 84216, The last kids on Earth and the doomsday race /, 2021.